AIDS pandemic in East Africa : (Record no. 4095)
[ view plain ]
| 000 -LEADER | |
|---|---|
| fixed length control field | 01133cam a2200325 a 4500 |
| 001 - CONTROL NUMBER | |
| control field | 12086541 |
| 003 - CONTROL NUMBER IDENTIFIER | |
| control field | OSt |
| 005 - DATE AND TIME OF LATEST TRANSACTION | |
| control field | 20250211111158.0 |
| 008 - FIXED-LENGTH DATA ELEMENTS--GENERAL INFORMATION | |
| fixed length control field | 000418s1999 ke b 000 0 eng |
| 010 ## - LIBRARY OF CONGRESS CONTROL NUMBER | |
| LC control number | 99502332 |
| 020 ## - INTERNATIONAL STANDARD BOOK NUMBER | |
| Canceled/invalid ISBN | 9966902214 |
| 035 ## - SYSTEM CONTROL NUMBER | |
| System control number | (DLC) 99502332 |
| 040 ## - CATALOGING SOURCE | |
| Original cataloging agency | DLC |
| Transcribing agency | DLC |
| Modifying agency | DLC |
| 042 ## - AUTHENTICATION CODE | |
| Authentication code | lcode |
| 043 ## - GEOGRAPHIC AREA CODE | |
| Geographic area code | fe----- |
| 050 00 - LIBRARY OF CONGRESS CALL NUMBER | |
| Classification number | RA643.86.A353 |
| Item number | B35 1999 |
| 082 00 - DEWEY DECIMAL CLASSIFICATION NUMBER | |
| Classification number | 362.969792 |
| Edition number | 21 |
| Item number | RWE |
| 100 1# - MAIN ENTRY--PERSONAL NAME | |
| Personal name | Baitu Rwelamira, Juvenalis. |
| 245 10 - TITLE STATEMENT | |
| Title | AIDS pandemic in East Africa : |
| Remainder of title | a moral response / |
| Statement of responsibility, etc. | Juvenalis Baitu Rwelamira. |
| 250 ## - EDITION STATEMENT | |
| Edition statement | Rev. ed. |
| 260 ## - PUBLICATION, DISTRIBUTION, ETC. (IMPRINT) | |
| Place of publication, distribution, etc. | [Nairobi : |
| Name of publisher, distributor, etc. | s.n.], |
| Date of publication, distribution, etc. | 1999 |
| Place of manufacture | (Nairobi, Kenya : |
| Manufacturer | CUEA Publications) |
| 300 ## - PHYSICAL DESCRIPTION | |
| Extent | 43 p. ; |
| Dimensions | 21 cm. |
| 504 ## - BIBLIOGRAPHY, ETC. NOTE | |
| Bibliography, etc | Includes bibliographical references. |
| 650 #0 - SUBJECT ADDED ENTRY--TOPICAL TERM | |
| Topical term or geographic name as entry element | AIDS (Disease) |
| Geographic subdivision | Africa, East |
| General subdivision | Prevention. |
| 650 #0 - SUBJECT ADDED ENTRY--TOPICAL TERM | |
| Topical term or geographic name as entry element | AIDS (Disease) |
| General subdivision | Moral and ethical aspects. |
| 650 #0 - SUBJECT ADDED ENTRY--TOPICAL TERM | |
| Topical term or geographic name as entry element | Safe sex in AIDS prevention |
| General subdivision | Moral and ethical aspects. |
| 906 ## - LOCAL DATA ELEMENT F, LDF (RLIN) | |
| a | 7 |
| b | cbc |
| c | origode |
| d | 3 |
| e | ncip |
| f | 19 |
| g | y-gencatlg |
| 942 ## - ADDED ENTRY ELEMENTS (KOHA) | |
| Koha item type | Books |
| Source of classification or shelving scheme | Dewey Decimal Classification |
| Withdrawn status | Lost status | Source of classification or shelving scheme | Damaged status | Not for loan | Home library | Current library | Date acquired | Total Checkouts | Full call number | Barcode | Date last seen | Price effective from | Koha item type |
|---|---|---|---|---|---|---|---|---|---|---|---|---|---|
| Dewey Decimal Classification | Bunge Tower Library | Bunge Tower Library | 02/11/2025 | 362.969792 RWE | 2025/0060 | 02/11/2025 | 02/11/2025 | Books |
